000 00401nam a2200157Ia 4500
008 230312s9999||||xx |||||||||||||| ||und||
020 _a0-7821-2624-3
082 _a006.6
_bCRO-M
100 _aCrowder David
245 0 _aMastering Macromedia Dreamweaver
260 _aUSA
_c2000
300 _a852
546 _aEng.
650 _aComputer
_vIntroduction Dreamweaver.Creating Web Pages
942 _cBK
999 _c2834
_d2834